000 00522cas a22001815a 4500
001 L139641
008 070802c xv qr p 0 a0eng u
035 _a(Sirsi) u139641
041 0 _aslv
110 2 _aAssociation of Surveyors of Slovenia
_95298
245 0 0 _aGeodetski Vestnik
260 _aLjubljiana
_bAssociation of Surveyors of Slovenia
_c[19-?]-
362 0 _a47(3) 2003-
554 _aFour per year
651 4 _aSlovenia
690 _aENVIRONMENTAL AND LAND CONSULTANCY-GEOMATICS-LAND SURVEYING
942 _n0
999 _c119097
_d119097